Desarrollo profesional en metodologías para la enseñanza del idioma inglés para docentes de parvularia del MInisterio de Educación del municipio de Santa Ana (Registro nro. 25340)

Detalles MARC
000 -CABECERA
Longitud fija campo de control 01069nam a22002177a 4500
003 - IDENTIFICADOR DELl NÚMERO DE CONTROL
Identificador del número de control OSt
005 - FECHA Y HORA DE LA ÚLTIMA TRANSACCIÓN
Fecha y hora de la última transacción 20160620105734.0
008 - CÓDIGOS DE INFORMACIÓN DE LONGITUD FIJA
Códigos de información de longitud fija 150407b slv spa
040 ## - FUENTE DE LA CATALOGACIÓN
Centro transcriptor BMC
082 ## - NÚMERO DE LA CLASIFICACIÓN DECIMAL DEWEY
Númeroo de clasificación 370
100 1# - PUNTO DE ACCESO PRINCIPAL-NOMBRE DE PERSONA
9 (RLIN) 39293
Nombre de persona López González, Sonia Arely
245 10 - MENCIÓN DE TÍTULO
Título Desarrollo profesional en metodologías para la enseñanza del idioma inglés para docentes de parvularia del MInisterio de Educación del municipio de Santa Ana
Resto del título : proyecto
Mención de responsabilidad, etc. Sonia Arely López González
260 ## - PUBLICACIÓN, DISTRIBUCIÓN, ETC. (PIE DE IMPRENTA)
Lugar de publicación, distribución, etc. Santa Ana (El Salvador)
Nombre del editor, distribuidor, etc. Universidad Católica de El Salvador
Fecha de publicación, distribución, etc. 2016
300 ## - DESCRIPCIÓN FÍSICA
Extensión 376 h.
Otras características físicas il. col.
Dimensiones 27 cm
Material anejo + 1 disco compacto
500 ## - NOTA GENERAL
Nota general Precede al tít.: Universidad Católica de El Salvador, Facultad de Ciencias y Humanidades
502 ## - NOTA DE TESIS
Nota de tesis Trabajo de graduación para optar al grado académico de Licenciatura en Ciencias de la Educación con Especialidad en Idioma Ingles
650 24 - PUNTO DE ACCESO ADICIONAL DE MATERIA - TÉRMINO DE MATERIA
9 (RLIN) 472
Término de materia o nombre geográfico como elemento inicial Educación
700 1# - PUNTO DE ACCESO ADICIONAL - NOMBRE DE PERSONA
9 (RLIN) 39294
Nombre de persona Erazo Mena, José Rolando
710 2# - PUNTO DE ACCESO ADICIONAL - NOMBRE DE ENTIDAD
9 (RLIN) 1075
Nombre de entidad o nombre de jurisdicción como elemento inicial Universidad Católica de El Salvador
Unidad subordinada Facultad de Ciencias y Humanidades
942 ## - ENTRADA DE ELEMENTOS AGREGADOS (KOHA)
Fuente de clasificaión o esquema Dewey Decimal Classification
Koha [por defecto] tipo de item 4- Trabajo de Graduación
Existencias
Suprimido Perdido Fuente de clasificación o esquema Estropeado Restricciones de uso No para préstamo Código de colección Localización permanente Localización actual Localización en estanter&íacute;as Fecha adquisición Fuente de adquisición Número de inventario Préstamos totales Signatura completa Código de barras Fecha última consulta Fecha último préstamo Fecha del precio de reemplazo Tipo de item de Koha
NULL NULL Dewey Decimal Classification NULL Prestable NULL NULL Biblioteca Miguel de Cervantes - UNICAES Biblioteca Miguel de Cervantes - UNICAES Sala Principal 29/04/2016 Donación - Sonia Arely López Gonzalez, José Rolando Erazo Mena 002285 2 P-002285 1037183 18/05/2018 16/05/2018 29/04/2016 4- Trabajo de Graduación